[Event "Najdorf Memorial"]
[Site "Warszawa"]
[Date "2015.07.10"]
[Round "1.1"]
[White "Przedmojski, Rafal"]
[Black "Cheparinov, Ivan"]
[Result "1/2-1/2"]
[WhiteElo "2362"]
[BlackElo "2683"]
[Annotator ""]
[Source ""]
[Remark ""]

1.e4 c5 2.Nf3 d6 3.Bb5+ Nd7 4.c3 Ngf6 5.d3 a6 6.Ba4 b5 7.Bb3
Bb7 8.O-O e6 9.Bf4 Be7 10.Nbd2 O-O 11.Re1 Qc7 12.d4 Rad8 13.Qe2
e5 14.Bg5 Rfe8 15.a4 c4 16.Bc2 h6 17.Bh4 Rc8 18.Rac1 Nf8 19.Bg3
Nh5 20.axb5 axb5 21.Nf1 Bf6 22.dxe5 dxe5 23.Ne3 Nf4 24.Bxf4 exf4
25.Ng4 Be7 26.Nd4 Bg5 27.Rcd1 Qc5 28.Nf5 h5 29.h4 Bxh4 30.Nh2
Ng6 31.Nd6 Rb8 32.Nxe8 Rxe8 33.Nf3 Bf6 34.Qd2 Ne5 35.Qxf4 Ng4
36.Re2 g6 37.Qd6 Qc8 38.Qd7 b4 39.Ba4 Qxd7 40.Rxd7 Rxe4 41.Rxe4
Bxe4 42.Rc7 bxc3 43.bxc3 Bd3 44.Ne1 Be5 45.Rc8+ Kg7 46.Nxd3 cxd3
47.Kf1 Nf6 48.Rc5 Bd6 49.Rc4 Nd5 50.Bc6 Nf4 51.g3 Ne6 52.Be4
Nc5 53.Ke1 f5 54.Bg2 Kf6 55.f4 g5 56.fxg5+ Kxg5 57.Kd2 f4 58.gxf4+
Bxf4+ 59.Kd1 Nd7 60.Rd4 Ne5 61.Bf1 1/2-1/2

[Event "Najdorf Memorial"]
[Site "Warszawa"]
[Date "2015.07.10"]
[Round "1.3"]
[White "Skawinski, Arkadiusz"]
[Black "Volokitin, Andrei"]
[Result "0-1"]
[WhiteElo "2358"]
[BlackElo "2654"]
[Annotator ""]
[Source ""]
[Remark ""]

1.e4 c5 2.c3 Nf6 3.e5 Nd5 4.d4 cxd4 5.Nf3 Nc6 6.cxd4 d6 7.Bc4
dxe5 8.dxe5 Ndb4 9.a3 Qxd1+ 10.Kxd1 Na6 11.e6 Bxe6 12.Bxe6 fxe6
13.Re1 g6 14.Bd2 Rd8 15.b4 Bg7 16.Ra2 Nc7 17.Kc1 O-O 18.Bc3 Bf6
19.Rc2 Nb5 20.Kb2 Nxc3 21.Nxc3 Rd3 22.Re3 Rfd8 23.Rxd3 Rxd3 24.b5
Na5 25.Ne1 Rd1 26.Nf3 Rd3 27.Ne1 Rd5 28.a4 Rc5 29.Nf3 Rc4 0-1

[Event "Najdorf Memorial"]
[Site "Warszawa"]
[Date "2015.07.10"]
[Round "1.4"]
[White "Efimenko, Zahar"]
[Black "Deszczynski, Adam"]
[Result "1/2-1/2"]
[WhiteElo "2652"]
[BlackElo "2356"]
[Annotator ""]
[Source ""]
[Remark ""]

1.e4 c5 2.Nf3 Nc6 3.Bb5 g6 4.O-O Bg7 5.Nc3 e5 6.a3 Nge7 7.b4
d6 8.d3 h6 9.Nd5 O-O 10.Nxe7+ Nxe7 11.Bb2 b6 12.Bc4 Bb7 13.bxc5
bxc5 14.Nd2 Qc7 15.Bb3 d5 16.Re1 Rad8 17.Qe2 d4 18.c3 Nc6 19.Rac1
Qe7 20.Bd5 Na5 21.c4 Rb8 22.Rb1 Bc6 23.g3 Qc7 24.h4 Rb6 25.Bc1
Rfb8 26.Rxb6 Rxb6 27.h5 g5 28.Rf1 Qd7 29.Kg2 Bxd5 30.cxd5 Rf6
31.Qd1 Qb5 32.Qc2 g4 33.a4 Qb4 34.Qd1 Qc3 35.Qxg4 Qxd3 36.Qc8+
Kh7 37.Qxc5 Nb3 38.Qc4 Nxc1 39.Qxc1 Bf8 40.Kg1 Ba3 41.Qd1 Bb4
42.Nb3 Qxe4 43.Qb1 Qxb1 44.Rxb1 a5 45.Kg2 d3 46.f3 Rd6 47.Kf2
Rxd5 48.Ke3 f5 49.Rd1 d2 50.Ke2 Kg7 51.Nxd2 Bxd2 52.Rxd2 Rxd2+
53.Kxd2 Kf6 54.f4 exf4 1/2-1/2

[Event "Najdorf Memorial"]
[Site "Warszawa"]
[Date "2015.07.10"]
[Round "1.5"]
[White "Mickiewicz, Piotr"]
[Black "Safarli, Eltaj"]
[Result "0-1"]
[WhiteElo "2356"]
[BlackElo "2649"]
[Annotator ""]
[Source ""]
[Remark ""]

1.e4 e5 2.Nf3 Nc6 3.Bb5 a6 4.Ba4 d6 5.c3 Bd7 6.d4 g6 7.dxe5 dxe5
8.Be3 Nf6 9.Nbd2 Ng4 10.Bg5 Be7 11.Bxe7 Qxe7 12.h3 Nf6 13.O-O
O-O 14.Qe2 Nh5 15.Qe3 Nf4 16.Rfe1 Rad8 17.Rad1 Bxh3 18.gxh3 Rd3
19.Bxc6 bxc6 20.Qa7 Qd7 21.Ng5 Rxh3 22.f3 Rg3+ 0-1

[Event "Najdorf Memorial"]
[Site "Warszawa"]
[Date "2015.07.10"]
[Round "1.6"]
[White "Swiercz, Dariusz"]
[Black "Stoma, Pawel"]
[Result "0-1"]
[WhiteElo "2634"]
[BlackElo "2353"]
[Annotator ""]
[Source ""]
[Remark ""]

1.c4 c6 2.Nf3 Nf6 3.g3 d5 4.Qb3 g6 5.Bg2 Bg7 6.O-O O-O 7.d4 Nbd7
8.cxd5 cxd5 9.Nc3 e6 10.Bf4 Nb6 11.Ne5 Nfd7 12.Nf3 Nc4 13.e4
Nf6 14.exd5 Na5 15.Qa4 exd5 16.Ne5 a6 17.b4 Nc4 18.b5 Bd7 19.Qb3
axb5 20.Nxb5 Nh5 21.Bxd5 Nxe5 22.Bxe5 Bxb5 23.Qxb5 Ra5 24.Bxf7+
Rxf7 25.Qb2 Rd5 26.Rac1 Re7 27.Rfe1 h6 28.Qb3 Kh7 29.Qf3 Rdd7
30.Rb1 Qa5 31.Re2 Nf6 32.Reb2 Nd5 33.h4 Qc3 34.Qe4 Bxe5 35.dxe5
Rxe5 36.Qg4 Nf6 37.Rxb7 Re1+ 38.Kg2 Rxb1 39.Rxd7+ Nxd7 40.Qxd7+
Qg7 0-1

[Event "Najdorf Memorial"]
[Site "Warszawa"]
[Date "2015.07.10"]
[Round "1.8"]
[White "Krasenkow, Michal"]
[Black "Lewtak, Damian"]
[Result "1-0"]
[WhiteElo "2610"]
[BlackElo "2341"]
[Annotator ""]
[Source ""]
[Remark ""]

1.Nf3 Nf6 2.c4 c6 3.b3 d5 4.Bb2 Bf5 5.g3 h6 6.Bg2 e6 7.O-O Be7
8.d3 O-O 9.Nbd2 Nbd7 10.Qc2 a5 11.a3 Bh7 12.Ne5 Nxe5 13.Bxe5
Nd7 14.Bc3 b5 15.Qb2 Bf6 16.cxb5 cxb5 17.Nf3 Bxc3 18.Qxc3 Rc8
19.Qb2 Qe7 20.b4 axb4 21.Qxb4 Qxb4 22.axb4 Nb8 23.Rab1 Rfe8 24.Nd4
Na6 25.Rb2 Rb8 26.f4 Rb6 27.Rc1 Kf8 28.Kf2 Rd8 29.Ke3 f6 30.Kd2
Bg6 31.Bh3 Bf7 32.Rc6 Rxc6 33.Nxc6 Rd6 34.Nd4 Rb6 35.e4 e5 36.fxe5
fxe5 37.Nf3 Rf6 38.Ke3 dxe4 39.dxe4 Be6 40.Bg2 Rf7 41.Nxe5 Rc7
42.Bf1 Rb7 43.Nc6 Rb6 44.Nd4 Bd7 45.e5 Nc7 46.Bg2 Ke7 47.Nb3
Ra6 48.Na5 Rg6 49.Bf3 Rg5 50.Kd4 Ne6+ 51.Ke4 Nc7 52.Rd2 Na6 53.Rd4
Nb8 54.Rd6 Bg4 55.Rb6 Nd7 56.Nc6+ Ke6 57.Nd4+ Kf7 58.e6+ 1-0

[Event "Najdorf Memorial"]
[Site "Warszawa"]
[Date "2015.07.10"]
[Round "1.9"]
[White "Bartel, Michal"]
[Black "Neiksans, Arturs"]
[Result "0-1"]
[WhiteElo "2331"]
[BlackElo "2597"]
[Annotator ""]
[Source ""]
[Remark ""]

1.e4 c5 2.Nf3 e6 3.d4 cxd4 4.Nxd4 a6 5.Bd3 Nf6 6.O-O e5 7.Nf3
Nc6 8.c4 Bc5 9.Nc3 d6 10.a3 h6 11.b4 Ba7 12.h3 O-O 13.Ne2 Be6
14.Ng3 Rc8 15.Be3 Bxe3 16.fxe3 a5 17.Rb1 axb4 18.axb4 Qb6 19.Qe2
Nh7 20.Nh4 Ne7 21.Nhf5 Bxf5 22.exf5 d5 23.c5 Qf6 24.e4 Qh4 25.Kh2
Nf6 26.Rbe1 Nc6 27.Qb2 Ng4+ 28.Kh1 Qxg3 29.hxg4 Qxd3 30.f6 dxe4
31.fxg7 Kxg7 32.Qf2 Qd8 33.Rxe4 f6 34.Re3 Qe7 35.Rh3 Nd4 36.Rd1
Rcd8 37.Rdd3 Ne6 38.Qf5 Nf4 0-1

[Event "Najdorf Memorial"]
[Site "Warszawa"]
[Date "2015.07.10"]
[Round "1.10"]
[White "Piorun, Kacper"]
[Black "Cukrowski, Filip"]
[Result "1-0"]
[WhiteElo "2591"]
[BlackElo "2330"]
[Annotator ""]
[Source ""]
[Remark ""]

1.Nf3 Nf6 2.c4 g6 3.Nc3 Bg7 4.e4 O-O 5.d4 d6 6.h3 e5 7.d5 Nbd7
8.Bg5 a5 9.g4 Nc5 10.Nd2 Qd7 11.Rg1 Ne8 12.Qc2 Kh8 13.Nb3 f5
14.exf5 gxf5 15.Nxc5 dxc5 16.gxf5 Qf7 17.f6 Bxf6 18.Be3 Be7 19.O-O-O
Bf5 20.Bd3 Bxd3 21.Qxd3 b6 22.Bh6 Rg8 23.Qe3 Nd6 24.Qxe5+ Bf6
25.Qf4 Rg6 26.Rxg6 Qxg6 27.Re1 Rg8 28.Re6 Qg1+ 29.Nd1 Bg5 30.Bxg5
Qxg5 31.Qxg5 Rxg5 32.Ne3 Rg7 33.b3 Rf7 34.Ng4 Kg7 35.Re2 Nf5
36.Ne5 Re7 37.f4 Nd4 38.Re3 h5 39.Kd2 Kf6 40.Rg3 Kf5 41.Rg8 Ke4
42.h4 Rh7 43.Rg5 Rh6 44.Rg7 c6 45.Re7 Kf5 46.Nf7 Rg6 47.d6 Rg2+
48.Ke3 Rg3+ 49.Kf2 Rf3+ 50.Kg2 Rc3 51.d7 Rc2+ 52.Kf1 Rc1+ 53.Re1 1-0

[Event "Najdorf Memorial"]
[Site "Warszawa"]
[Date "2015.07.10"]
[Round "1.11"]
[White "Bjornsson, Sigurbjorn"]
[Black "Macieja, Bartlomiej"]
[Result "1/2-1/2"]
[WhiteElo "2327"]
[BlackElo "2586"]
[Annotator ""]
[Source ""]
[Remark ""]

1.e4 c5 2.Nf3 Nc6 3.d4 cxd4 4.Nxd4 e6 5.Nc3 Qc7 6.f4 a6 7.Nxc6
bxc6 8.e5 d6 9.exd6 Bxd6 10.Ne4 Be7 11.Bd3 Nf6 12.O-O c5 13.Qe2
Bb7 14.f5 e5 15.b3 O-O 16.Bb2 a5 17.a4 Bxe4 18.Bxe4 Nxe4 19.Qxe4
Bf6 20.Qc4 Rab8 21.Bc3 Rfd8 22.Rad1 Rxd1 23.Rxd1 Qc8 24.Qe4 c4
25.Bxe5 Qc5+ 26.Bd4 Bxd4+ 27.Qxd4 Qxd4+ 28.Rxd4 cxb3 29.cxb3
Kf8 30.Rd5 Ke7 31.Rxa5 Rxb3 32.Kf2 Kf6 33.Rb5 Ra3 34.a5 h5 35.Rc5
h4 36.h3 Kg5 37.Rb5 Kf4 38.Rb4+ Ke5 1/2-1/2

[Event "Najdorf Memorial"]
[Site "Warszawa"]
[Date "2015.07.10"]
[Round "1.12"]
[White "Dragun, Kamil"]
[Black "Szostko, Jakub"]
[Result "1-0"]
[WhiteElo "2586"]
[BlackElo "2319"]
[Annotator ""]
[Source ""]
[Remark ""]

1.d4 Nf6 2.c4 e6 3.Nf3 d5 4.Nc3 Bb4 5.e3 O-O 6.Bd3 b6 7.O-O Ba6
8.cxd5 exd5 9.Bxa6 Nxa6 10.Qa4 Qc8 11.Bd2 Re8 12.Rac1 Bf8 13.Rfd1
c5 14.Be1 Qb7 15.dxc5 Nxc5 16.Qc2 Rac8 17.b4 Nce4 18.Qb3 Nxc3
19.Bxc3 Ne4 20.Bb2 Red8 21.a3 Rxc1 22.Rxc1 Nd6 23.Qd3 h6 24.h4
b5 25.Ne5 Re8 26.Bd4 Nc4 27.Qf5 Qe7 28.Nxc4 bxc4 29.Qxd5 Qxh4
30.Rxc4 Rd8 31.Qf5 Bd6 32.g3 Qe7 33.Rc8 Rxc8 34.Qxc8+ Kh7 35.Qf5+
Kg8 36.Qa5 Bb8 37.Qd5 Kh7 38.Qf5+ g6 39.Qb5 Bd6 40.Qd5 h5 41.Qa8
Be5 42.Qxa7 1-0

[Event "Najdorf Memorial"]
[Site "Warszawa"]
[Date "2015.07.10"]
[Round "1.13"]
[White "Percivaldi, Martin"]
[Black "Mista, Aleksander"]
[Result "0-1"]
[WhiteElo "2310"]
[BlackElo "2585"]
[Annotator ""]
[Source ""]
[Remark ""]

1.d4 Nf6 2.c4 d6 3.Nf3 Nbd7 4.Nc3 e5 5.g3 g6 6.Bg2 Bg7 7.O-O
O-O 8.e4 exd4 9.Nxd4 Re8 10.Re1 Nc5 11.f3 a5 12.Be3 Nfd7 13.Qc2
a4 14.Rad1 c6 15.f4 Qa5 16.h3 Nb6 17.b3 Qb4 18.Nce2 axb3 19.axb3
f5 20.Bd2 Qa3 21.Bc1 Qa2 22.Qxa2 Rxa2 23.exf5 Bxf5 24.Nxf5 gxf5
25.Bf3 Nxb3 26.Rxd6 Nd4 27.Kf2 Nxc4 28.Rd7 Nxf3 29.Kxf3 Rc2 30.Rdd1
b5 31.g4 Bc3 32.Nxc3 Rxc3+ 33.Kf2 Rxe1 34.Rxe1 b4 35.gxf5 b3
36.f6 Kf7 37.f5 Kxf6 38.h4 Kxf5 39.Bh6 b2 40.Rb1 Rc2+ 41.Ke1
Na3 42.Kd1 Rg2 0-1

[Event "Najdorf Memorial"]
[Site "Warszawa"]
[Date "2015.07.10"]
[Round "1.14"]
[White "Tomczak, Jacek"]
[Black "Zujev, Oleg"]
[Result "1-0"]
[WhiteElo "2579"]
[BlackElo "2296"]
[Annotator ""]
[Source ""]
[Remark ""]

1.e4 c5 2.Nf3 e6 3.d4 cxd4 4.Nxd4 a6 5.Bd3 Nf6 6.f4 d6 7.Qf3
Qb6 8.Be3 Qc7 9.Nd2 Nbd7 10.N4b3 b6 11.g4 h6 12.O-O-O Bb7 13.Qh3
Nc5 14.Nxc5 bxc5 15.g5 c4 16.Nxc4 Nxe4 17.Rhe1 d5 18.Ne5 Nc3
19.Bg6 O-O-O 20.Bxf7 Ba3 21.Ba7 Qa5 22.Qxe6+ Kc7 23.bxa3 Qxa3+
24.Kd2 Nxd1 25.Rxd1 1-0

[Event "Najdorf Memorial"]
[Site "Warszawa"]
[Date "2015.07.10"]
[Round "1.15"]
[White "Adamski, Jan"]
[Black "Zhigalko, Andrey"]
[Result "0-1"]
[WhiteElo "2293"]
[BlackElo "2574"]
[Annotator ""]
[Source ""]
[Remark ""]

1.Nf3 Nf6 2.c4 g6 3.Nc3 Bg7 4.e4 d6 5.d4 O-O 6.Be2 c5 7.O-O Re8
8.dxc5 dxc5 9.Qxd8 Rxd8 10.Be3 b6 11.Rfd1 Nc6 12.Rxd8+ Nxd8 13.h3
Bb7 14.Nd2 Nc6 15.f3 Ne8 16.Rc1 Rd8 17.Kf2 f5 18.g4 Nd6 19.b3
Rf8 20.exf5 gxf5 21.Nd5 e6 22.Nf4 Nd4 23.Nh5 Bh8 24.Bh6 Re8 25.Rg1
Kf7 26.Bd3 e5 27.gxf5 N4xf5 28.Bxf5 Nxf5 29.Bg5 e4 30.Nxe4 Bd4+ 0-1

[Event "Najdorf Memorial"]
[Site "Warszawa"]
[Date "2015.07.10"]
[Round "1.16"]
[White "Markowski, Tomasz"]
[Black "Bednarek, Sylwester"]
[Result "1-0"]
[WhiteElo "2566"]
[BlackElo "2291"]
[Annotator ""]
[Source ""]
[Remark ""]

1.d4 d5 2.Nf3 c6 3.Bf4 g6 4.e3 Bg7 5.c4 Nf6 6.Nc3 O-O 7.h3 Be6
8.Ng5 Bf5 9.Be2 dxc4 10.Bxc4 b5 11.Bb3 b4 12.Ne2 h6 13.Nf3 Be4
14.Ng3 Bd5 15.Qe2 c5 16.O-O Nbd7 17.Rfd1 cxd4 18.Rxd4 Qa5 19.Nd2
Bxb3 20.Nxb3 Qb6 21.Ne4 e5 22.Rd6 Qb8 23.Nxf6+ Nxf6 24.Bxe5 Ng4
25.Bf4 Ne5 26.Rad1 Qc7 27.Bxe5 Bxe5 28.Rd7 Qc6 29.Na5 Qe4 30.Nc4
Bg7 31.b3 a5 32.Nb6 Rae8 33.R7d5 Re6 34.Nd7 Rd8 35.Rxa5 Rc6 36.Qd3
Qe7 37.Rd5 Ra8 38.Qe2 Bc3 39.Qb5 Rc7 40.R5d3 Kg7 41.Nb6 Rc5 42.Qd7
Qxd7 43.Rxd7 Rxa2 44.Nc4 Ra1 45.Rxa1 Bxa1 46.Kf1 Kf6 47.Ke2 Ke6
48.Rb7 Bc3 49.e4 Rc8 50.Ra7 Rd8 51.Ra6+ Ke7 52.g4 Rd4 53.f3 Rd8
54.Ra5 Ke6 55.h4 Kf6 56.h5 gxh5 57.Rxh5 Kg6 58.Ra5 f6 59.Rd5
Ra8 60.Na5 Rc8 61.Kd3 Ra8 62.Nc6 Ra1 63.Kc4 Rc1 64.Nxb4 Be5+
65.Kb5 Rf1 66.Rd3 Kg5 67.Nd5 Kh4 68.b4 h5 69.gxh5 Kxh5 70.Kc6
Rc1+ 71.Kd7 Rb1 72.f4 Ba1 73.Ke6 Kg4 74.f5 Be5 75.Nxf6+ Kf4 76.Nd5+ 1-0

[Event "Najdorf Memorial"]
[Site "Warszawa"]
[Date "2015.07.10"]
[Round "1.17"]
[White "Derakhshani, Dorsa"]
[Black "Olszewski, Michal"]
[Result "0-1"]
[WhiteElo "2280"]
[BlackElo "2562"]
[Annotator ""]
[Source ""]
[Remark ""]

1.e4 c5 2.Nf3 d6 3.d4 cxd4 4.Nxd4 Nf6 5.Nc3 a6 6.Qd3 Nbd7 7.Be2
e6 8.f4 Be7 9.g4 h6 10.Bf3 Qc7 11.Be3 g5 12.fxg5 Ne5 13.Qe2 hxg5
14.Bxg5 Nfxg4 15.h4 Bxg5 16.hxg5 Rxh1+ 17.Bxh1 Qe7 18.Qd2 Nc4
19.Qe2 Qxg5 20.Nf3 Qh6 21.Bg2 Nge3 22.b3 Qg7 0-1

[Event "Najdorf Memorial"]
[Site "Warszawa"]
[Date "2015.07.10"]
[Round "1.18"]
[White "Bromberger, Stefan"]
[Black "Warakomska, Anna"]
[Result "1-0"]
[WhiteElo "2556"]
[BlackElo "2274"]
[Annotator ""]
[Source ""]
[Remark ""]

1.d4 Nf6 2.c4 e6 3.Nc3 Bb4 4.e3 O-O 5.Nge2 d5 6.a3 Be7 7.cxd5
exd5 8.Nf4 c6 9.Bd3 Re8 10.O-O Nbd7 11.f3 Nf8 12.Bc2 Ne6 13.Nxe6
Bxe6 14.e4 dxe4 15.fxe4 Qa5 16.Qd3 g6 17.b4 Qd8 18.Bg5 Nd7 19.Bxe7
Qxe7 20.e5 f5 21.Ne2 Nb6 22.Nf4 Nd5 23.Nxe6 Qxe6 24.Bb3 a6 25.Rac1
Red8 26.Rc5 Kg7 27.Qf3 Rd7 28.a4 Rad8 29.b5 cxb5 30.axb5 b6 31.Rxd5
Rxd5 32.bxa6 Qd7 33.Bxd5 Qxd5 34.Qxd5 Rxd5 35.Ra1 Rd8 36.Kf2
Kf7 37.Ke3 Ke6 38.Rb1 1-0

[Event "Najdorf Memorial"]
[Site "Warszawa"]
[Date "2015.07.10"]
[Round "1.19"]
[White "Nguyen, Piotr"]
[Black "Rozentalis, Eduardas"]
[Result "1-0"]
[WhiteElo "2273"]
[BlackElo "2530"]
[Annotator ""]
[Source ""]
[Remark ""]

1.f4 d5 2.Nf3 Bg4 3.Ne5 Bh5 4.c4 f6 5.Nf3 Bxf3 6.exf3 e6 7.d4
Nc6 8.Nc3 Nge7 9.c5 Nf5 10.Bb5 Kf7 11.Bxc6 bxc6 12.Qd3 h5 13.Bd2
h4 14.O-O-O a5 15.Ne2 Qb8 16.a4 Qb7 17.g4 hxg3 18.hxg3 Rb8 19.Bc3
Rxh1 20.Rxh1 Qb3 21.g4 Ne7 22.Qc2 Qxc2+ 23.Kxc2 Ra8 24.Nc1 Ng6
25.Bd2 Ke8 26.Nb3 Kd7 27.Rh7 f5 28.g5 Ra6 29.Nxa5 Nxf4 30.Bxf4
Rxa5 31.b3 Ra8 32.g6 1-0

[Event "Najdorf Memorial"]
[Site "Warszawa"]
[Date "2015.07.10"]
[Round "1.20"]
[White "Bajarani, Ulvi"]
[Black "Hrabinska, Myroslava"]
[Result "1-0"]
[WhiteElo "2515"]
[BlackElo "2270"]
[Annotator ""]
[Source ""]
[Remark ""]

1.d4 Nf6 2.c4 e6 3.Nc3 Bb4 4.f3 d5 5.a3 Be7 6.e4 dxe4 7.fxe4
e5 8.d5 Ng4 9.Nf3 Bc5 10.Bg5 Qd6 11.Qe2 Bf2+ 12.Kd2 Qb6 13.Kc2
h6 14.Bd2 Bd4 15.h3 Ne3+ 16.Bxe3 Bxe3 17.Na4 Qa5 18.Qxe3 Qxa4+
19.b3 Qa6 20.Nxe5 Qf6 21.Qd4 c5 22.dxc6 O-O 23.cxb7 Bxb7 24.Rd1
Re8 25.Nf3 Bxe4+ 26.Kb2 Qg6 27.Qd6 f6 28.Nd2 Nc6 29.Qf4 Rad8
30.Re1 Qf5 31.Qxf5 Rxd2+ 32.Kc1 Rc2+ 33.Kd1 Bxf5 34.Rxe8+ Kf7
35.Re2 Rc3 36.Rb2 Nd4 37.c5 Rxc5 38.Bc4+ Kg6 39.Rd2 Nb5 40.Bxb5
Rxb5 41.g4 Be4 42.Re1 Bd5 43.b4 a5 44.Rd4 h5 45.a4 Bb3+ 46.Kd2
Rxb4 47.Rxb4 axb4 48.a5 Bc4 49.Re4 Bf1 50.gxh5+ Kxh5 51.Rxb4
Bxh3 52.Rb7 g5 53.Rh7+ Kg4 54.Rxh3 Kxh3 55.a6 g4 56.a7 g3 57.a8Q
g2 58.Qf3+ Kh2 59.Qf2 Kh1 60.Qh4+ 1-0

[Event "Najdorf Memorial"]
[Site "Warszawa"]
[Date "2015.07.10"]
[Round "1.21"]
[White "Grabinsky, Vladimir"]
[Black "Kanarek, Marcel"]
[Result "0-1"]
[WhiteElo "2265"]
[BlackElo "2508"]
[Annotator ""]
[Source ""]
[Remark ""]

1.e4 c6 2.d4 d5 3.e5 Bf5 4.Nf3 e6 5.Be2 Nd7 6.O-O h6 7.Nbd2 Ne7
8.Nb3 g5 9.Ne1 Qc7 10.f4 O-O-O 11.fxg5 hxg5 12.Bxg5 f6 13.exf6
Qxh2+ 14.Kf2 Ng8 15.Nf3 Qc7 16.Rh1 Rxh1 17.Qxh1 Ngxf6 18.Bd3
Bg7 19.Qh4 Ng4+ 20.Kg1 Rh8 21.Qe1 Be4 22.Bxe4 dxe4 23.Qxe4 Rh1+ 0-1

[Event "Najdorf Memorial"]
[Site "Warszawa"]
[Date "2015.07.10"]
[Round "1.22"]
[White "Kveinys, Aloyzas"]
[Black "Janik, Igor"]
[Result "1-0"]
[WhiteElo "2497"]
[BlackElo "2261"]
[Annotator ""]
[Source ""]
[Remark ""]

1.d4 d5 2.c4 c6 3.Nc3 Nf6 4.e3 e6 5.Nf3 Nbd7 6.Qc2 Be7 7.b3 O-O
8.Bd3 h6 9.O-O b6 10.Bb2 Bb7 11.Rad1 Rc8 12.e4 dxe4 13.Nxe4 Nxe4
14.Bxe4 Nf6 15.Bd3 Qc7 16.c5 Nd5 17.Ne5 Nb4 18.Bh7+ Kh8 19.Qb1
Rcd8 20.a3 Nd5 21.Bd3 Nf4 22.Bc4 b5 23.Bd3 Nxd3 24.Rxd3 Kg8 25.Re1
Bc8 26.Bc1 Bf6 27.Bf4 Qb7 28.Ng4 Bg5 29.Bd6 Be7 30.Nxh6+ gxh6
31.Rg3+ 1-0

[Event "Najdorf Memorial"]
[Site "Warszawa"]
[Date "2015.07.10"]
[Round "1.23"]
[White "Paszewski, Mateusz"]
[Black "Sadzikowski, Daniel"]
[Result "1/2-1/2"]
[WhiteElo "2252"]
[BlackElo "2477"]
[Annotator ""]
[Source ""]
[Remark ""]

1.c4 Nf6 2.g3 c6 3.Bg2 d5 4.Nf3 dxc4 5.O-O Nbd7 6.Qc2 Nb6 7.Na3
Qd5 8.b3 cxb3 9.axb3 Qh5 10.Nc4 Nxc4 11.bxc4 g6 12.Ba3 Bg7 13.Bb4
c5 14.Bc3 O-O 15.Rfb1 Ne8 16.Bxg7 Kxg7 17.Qe4 e6 18.g4 Nf6 19.gxh5
Nxe4 20.hxg6 hxg6 21.d3 Nd6 22.Nd2 e5 23.Ne4 Nxe4 24.Bxe4 a5
25.Bxb7 Bxb7 26.Rxb7 a4 27.f3 Ra5 28.Kf2 Rh8 29.Kg3 Rha8 30.Ra3
R8a7 31.Rb5 Rxb5 32.cxb5 Kf6 33.b6 Rb7 34.Rxa4 Rxb6 35.Rc4 Rb2
36.Kf2 Rb5 37.Ke3 Ke6 38.Ra4 Kf5 39.Ra7 f6 40.Re7 Rb4 41.Rc7
Rb5 1/2-1/2

[Event "Najdorf Memorial"]
[Site "Warszawa"]
[Date "2015.07.10"]
[Round "1.24"]
[White "Romanishin, Oleg M"]
[Black "Winiarski, Mikolaj"]
[Result "1-0"]
[WhiteElo "2475"]
[BlackElo "2160"]
[Annotator ""]
[Source ""]
[Remark ""]

1.Nf3 d5 2.g3 Nf6 3.Bg2 c6 4.O-O Bg4 5.c4 Nbd7 6.cxd5 cxd5 7.Nc3
e6 8.Qb3 Bxf3 9.Bxf3 Qb6 10.Qxb6 Nxb6 11.d3 a6 12.Bf4 Nfd7 13.Rac1
h6 14.d4 g5 15.Bc7 Rc8 16.Bxb6 Nxb6 17.e4 Bg7 18.exd5 exd5 19.Nxd5
Rxc1 20.Rxc1 Nxd5 21.Bxd5 Ke7 22.Bxb7 Bxd4 23.Bxa6 Bxb2 24.Rc7+
Kf6 25.Bc4 Rf8 26.a4 Ra8 27.Rxf7+ Ke5 28.Bb5 Bd4 29.Kg2 Ra7 30.Rf8
Bc5 31.Rc8 Kd4 32.Rh8 Kc3 33.Rxh6 1-0

[Event "Najdorf Memorial"]
[Site "Warszawa"]
[Date "2015.07.10"]
[Round "1.25"]
[White "Warszawski, Bartosz"]
[Black "Sunilduth Lyna, Narayanan"]
[Result "0-1"]
[WhiteElo "2233"]
[BlackElo "2475"]
[Annotator ""]
[Source ""]
[Remark ""]

1.e4 c6 2.d4 d5 3.e5 Bf5 4.Nc3 e6 5.g4 Bg6 6.Nge2 f6 7.h4 fxe5
8.h5 Bf7 9.dxe5 c5 10.f4 Nc6 11.Ng3 c4 12.g5 Bc5 13.Qg4 Nge7
14.Bd2 Qb6 15.O-O-O O-O-O 16.Bh3 d4 17.Na4 Qa6 18.Nxc5 Qxa2 19.Be1
Qa1+ 20.Kd2 Qa5+ 21.Kc1 Qa1+ 22.Kd2 c3+ 23.Kd3 Qxb2 24.Nxe6 Qb5+
25.Ke4 Kb8 26.Kf3 d3 27.Bxc3 dxc2 28.Rxd8+ Nxd8 29.Nxd8 Rxd8 0-1

[Event "Najdorf Memorial"]
[Site "Warszawa"]
[Date "2015.07.10"]
[Round "1.26"]
[White "Klekowski, Maciej"]
[Black "Lach, Aleksandra"]
[Result "1-0"]
[WhiteElo "2475"]
[BlackElo "2227"]
[Annotator ""]
[Source ""]
[Remark ""]

1.c4 e5 2.g3 Nf6 3.Bg2 d5 4.cxd5 Nxd5 5.Nc3 Nb6 6.e3 Nc6 7.Nge2
Bf5 8.O-O Bd3 9.f4 Nb4 10.Rf2 Nc2 11.Bxb7 Nxa1 12.Bc6+ Nd7 13.fxe5
Be7 14.Nf4 Bc2 15.Qg4 O-O 16.Bxd7 Bg5 17.Bc6 Bxf4 18.gxf4 f5
19.Qg2 Bd3 20.Bd5+ Kh8 21.Bxa8 Qxa8 22.Qxa8 Rxa8 23.b3 Nc2 24.Bb2
Re8 25.Rg2 Ne1 26.Rg3 Be4 27.Nxe4 Nd3 28.Nf6 gxf6 29.Bc3 fxe5
30.fxe5 Re6 31.Kf1 h6 32.Rf3 Nc1 33.Rxf5 Nxa2 34.Rf6 1-0

[Event "Najdorf Memorial"]
[Site "Warszawa"]
[Date "2015.07.10"]
[Round "1.27"]
[White "Masse, Hugues"]
[Black "Socko, Monika"]
[Result "1/2-1/2"]
[WhiteElo "2222"]
[BlackElo "2472"]
[Annotator ""]
[Source ""]
[Remark ""]

1.d4 Nf6 2.c4 g6 3.g3 Bg7 4.Bg2 O-O 5.Nc3 d6 6.Nf3 Nc6 7.O-O
a6 8.Qd3 e5 9.dxe5 dxe5 10.Qxd8 Rxd8 11.Bg5 Be6 12.Nd2 h6 13.Bxf6
Bxf6 14.Nd5 Bxd5 15.cxd5 Nb4 16.Ne4 Nxd5 17.Nxf6+ Nxf6 18.Bxb7
Ra7 19.Bg2 Rd2 20.b3 a5 21.e3 a4 22.bxa4 Rxa4 23.a3 c5 24.Rac1
Ra5 25.Rc3 Ra2 26.Rfc1 Ng4 27.Rxc5 Rxc5 28.Rxc5 Nxf2 29.Rxe5
Ng4 30.Re8+ Kg7 31.h3 Ra1+ 32.Bf1 Nf6 33.Re7 Kf8 34.Ra7 Ne4 35.Kg2
Ra2+ 36.Kg1 f5 37.g4 Ng3 38.Bc4 Rc2 39.Bd5 Ne2+ 40.Kf1 Nc3 41.Bf3
fxg4 42.hxg4 Ra2 43.Ke1 Kg8 44.Bc6 h5 45.gxh5 gxh5 46.Ra5 h4
47.Rh5 Rxa3 48.Rxh4 Ra2 49.e4 Ra6 50.Bb7 Rb6 51.Ba8 Ra6 52.Bb7
Rb6 53.Bc8 Kg7 54.Kd2 Nb5 55.Rf4 Rf6 56.Rg4+ Rg6 57.Rf4 Rf6 58.Rh4
Rh6 59.Rxh6 Kxh6 60.Ke3 Nd6 1/2-1/2

[Event "Najdorf Memorial"]
[Site "Warszawa"]
[Date "2015.07.10"]
[Round "1.28"]
[White "Matuszewski, Michal"]
[Black "Polok, Kacper"]
[Result "1-0"]
[WhiteElo "2471"]
[BlackElo "2213"]
[Annotator ""]
[Source ""]
[Remark ""]

1.Nf3 f5 2.d3 Nf6 3.e4 d6 4.exf5 Bxf5 5.d4 Qd7 6.Nc3 e6 7.Nh4
d5 8.Bg5 Be7 9.Nxf5 exf5 10.Qf3 Nc6 11.Bb5 Qe6+ 12.Qe3 Qxe3+
13.fxe3 O-O-O 14.Bxc6 bxc6 15.O-O g6 16.g4 Rde8 17.gxf5 gxf5
18.Bxf6 Rhg8+ 19.Kh1 Bxf6 20.Rf3 Bg5 21.Rg1 h6 22.Nd1 Rgf8 23.Rgf1
Kd7 24.Kg2 Rg8 25.Rg3 Bxe3 26.Nxe3 Rxg3+ 27.hxg3 Rxe3 28.Rxf5
Re2+ 29.Rf2 Rxf2+ 30.Kxf2 Ke6 31.g4 Kf6 32.Kf3 Kg6 33.Kf4 Kf6
34.b3 Kg6 35.Kg3 Kg5 36.c3 a6 37.a3 h5 38.gxh5 Kxh5 39.Kf4 Kg6
40.Ke5 Kf7 41.a4 Ke7 42.b4 Kd7 43.Kf6 Kd6 44.a5 Kd7 45.Kf7 Kd8
46.Ke6 Ke8 47.b5 cxb5 48.Kxd5 Kd7 49.Kc5 c6 50.d5 cxd5 51.Kxd5
Kc7 52.Kc5 1-0

[Event "Najdorf Memorial"]
[Site "Warszawa"]
[Date "2015.07.10"]
[Round "1.29"]
[White "Jakubiec, Edyta"]
[Black "Drozdowski, Kacper"]
[Result "0-1"]
[WhiteElo "2212"]
[BlackElo "2468"]
[Annotator ""]
[Source ""]
[Remark ""]

1.e4 c5 2.Nf3 e6 3.d4 cxd4 4.Nxd4 a6 5.Bd3 Nf6 6.O-O d6 7.f4
Nbd7 8.Kh1 Qc7 9.Nd2 Nc5 10.Qe2 Nxd3 11.cxd3 Be7 12.N2f3 O-O
13.Bd2 Bd7 14.e5 Nd5 15.f5 exf5 16.e6 Bc8 17.Ng5 Bxg5 18.Bxg5
fxe6 19.Nxe6 Bxe6 20.Qxe6+ Qf7 21.Qxd6 f4 22.Rae1 Rae8 23.Re4
h6 24.Rd4 Ne3 25.Rdxf4 Nf5 26.Qb4 a5 27.Qxa5 hxg5 0-1

[Event "Najdorf Memorial"]
[Site "Warszawa"]
[Date "2015.07.10"]
[Round "1.30"]
[White "Meskovs, Nikita"]
[Black "Reza, Wojciech"]
[Result "1-0"]
[WhiteElo "2457"]
[BlackElo "2212"]
[Annotator ""]
[Source ""]
[Remark ""]

1.d4 Nf6 2.c4 e6 3.Nf3 b6 4.g3 Bb7 5.Bg2 Be7 6.O-O O-O 7.Qc2
Be4 8.Qc3 c5 9.dxc5 bxc5 10.Nbd2 Bb7 11.Nb3 d6 12.Rd1 Qb6 13.Na5
Be4 14.Bd2 Na6 15.a3 Rab8 16.Ra2 Rfc8 17.Be1 d5 18.cxd5 exd5
19.Bh3 Rc7 20.b3 d4 21.Qc1 Nd5 22.Ne5 Qb5 23.Bf1 Bf6 24.e3 Qb6
25.Nac4 Qe6 26.exd4 cxd4 27.Re2 Nc5 28.Bb4 Bxe5 29.Bxc5 Nc3 30.Rxe4
Nxe4 31.Bxd4 Bxd4 32.Rxd4 Nc5 33.Qf4 Qe7 34.Rd5 Rxb3 35.Ne5 Ne6
36.Qd2 Rxa3 37.Bh3 Nf8 38.Qd4 Rac3 39.Rd8 R3c5 40.Nd3 Rc4 41.Qd5
g6 42.Qa8 Kg7 43.Re8 Qa3 44.Qd8 a5 45.Kg2 a4 46.Nf4 R7c6 47.Qg5
f6 48.Qa5 Qc5 49.Qd8 Rc2 50.Nd3 Qd6 51.Re7+ Kg8 52.Be6+ Qxe6
53.Rxe6 Rxe6 54.Qa8 Rc4 55.Qd5 Rce4 56.Nc5 R4e5 57.Qc4 Kf7 58.Nxe6
Nxe6 59.Qxa4 Rc5 60.Qd7+ 1-0